=LDR 00000nam 2200000 4500 =001 INLIS000000000053160 =005 20200916080229 =035 ##$$a 0010-0418000051 =008 200916################g##########0#ind## =020 ##$$a 979-3033-05-3 =040 ##$$a NBPDMAT =082 ##$$a 303.6 =090 ##$$a 303.6 $bTub p =100 #$$a Tubagus Romy Rahman Niti Baskara =245 1#$$a Paradoksal konflik dan otonomi daerah /$c Tubagus Romy Rahman Niti Baskara =260 ##$$a Jakarta :$b Peradaban,$c 2002 =300 ##$$a 250 hlm : $b ilus ; $c 20 cm =650 #4$$a Konflik =850 ##$$a NBPDMAT =084 ##$$a 303.6 TUB p =250 ##$$a cet 1 =990 ##$$a 31701524 =990 ##$$a 31600099